Представление документа в формате RUSMARC

ПолеНазваниеЗначение
  Тип записи i
  Библиографический уровень m
001 Контрольный номер LIBNET\0000433126
005 Дата корректировки 20201216162405.3
010 Индекс ISBN __
d Цена 200-00; 521-44
100 Данные общей обработки __
a Данные общей обработки 19150414d2012||||||| 0rusy0189 ca
101 Язык документа 0_
a Язык текста rus
102 Страна публикации __
a Страна публикации ru
102 Страна публикации __
a Страна публикации RU
105 Кодированные данные (монография) __
a Кодированные данные (монография) nn|||||||f|zy
127 Кодированные данные (звукозаписи-физические характеристики) __
a Продолжительность проигрывания 02 ч 01 мин
200 Заглавие и сведения об ответственности 1_
a Заглавие "Пять вечеров"
e Сведения, относящиеся к заглавию [спектакль Ленинградского государственного академического Большого драматического театра им. М. Горького по одноименной пьесе : аудиоспектакль]
f Первые сведения об ответственности Александр Володин ; режиссер Георгий Товстоногов ; действующие лица и исполнители: Ефим Копелян [и др.]
203 Вид содержания и тип средства __
a Вид содержания Устная речь
c Тип средства аудио
210 Выходные данные __
a Место издания Москва
c Издательство Агентство
c Издательство ИДДК
d Дата издания 2012
215 Физическое описание __
a Объем 1 электрон. опт. диск (CD-ROM)
d Формат 12 см
225 Серия __
a Серия Audiobook
300 Общие примечания __
a Общие примечания Заглавие с этикетки диска
300 Общие примечания __
a Общие примечания Формат записи: MP3
330 Аннотация __
a Аннотация Издание представляет один из лучших спектаклей БДТ - пьесу "Пять вечеров" выдающегося драматурга и поэта Александра Моисеевича Володина (1919 - 2001), поставленную великим режиссером Георгием Товстоноговым, в исполнении выдающихся артистов. Успех спектакля был ошеломительным. По пьесе Александра Володина кинорежиссер Н. С. Михалков снял свой лучший фильм с одноименным названием. Война разлучила Тамару и Александра, и вот спустя многие годы они встречаются вновь. Как трудно бывает порой отбросить все мелочные обиды и понять, что любовь жива...
333 Примечание о целевом назначении __
a Примечание о целевом назначении 16+. Для детей старше 16 лет
337 Примечание о системных требованиях (электронные ресурсы) __
a Примечание о системных требованиях (электронные ресурсы) Системные требования: Pentium 100 MHz ; 16Mb RAM ; 4-x CD-ROM ; звуковая карта SVGA ; Windows 98/Me/XP/2000
517 Другие варианты заглавия __
a Другие варианты заглавия 5 вечеров
606 Тематические рубрики __
a Основная рубрика Музыка и зрелищные искусства
606 Тематические рубрики __
a Основная рубрика Художественное радиовещание
606 Тематические рубрики __
a Основная рубрика Художественная литература
606 Тематические рубрики __
a Основная рубрика Русская литература XX в. (произведения)
610 Ключевые слова __
a Ключевые слова драматургия
610 Ключевые слова __
a Ключевые слова драмы
610 Ключевые слова __
a Ключевые слова мелодрамы
610 Ключевые слова __
a Ключевые слова пьесы
610 Ключевые слова __
a Ключевые слова тема разлуки
610 Ключевые слова __
a Ключевые слова тема взаимоотношений
610 Ключевые слова __
a Ключевые слова тема любви
610 Ключевые слова __
a Ключевые слова аудиоспектакли
686 Индексы других классификаций __
2 Код системы rubbks
a Классификационный индекс 85.381.3(2)-7я04
686 Индексы других классификаций __
2 Код системы rubbks
a Классификационный индекс 84(2=411.2)6-6я04
700 Автор _1
a Фамилия Володин
b Имя А. М.
f Даты 1919-2001
g Полное личное имя Александр Моисеевич
4 Код отношения 070
702 Вторичная интеллектуальная ответственность _1
a Фамилия Товстоногов
b Имя Г. А.
4 Код отношения Режиссер
f Даты 1915-1989
g Полное личное имя Георгий Александрович
4 Код отношения 070
702 Вторичная интеллектуальная ответственность _1
a Фамилия Копелян
b Имя Е. З.
4 Код отношения Прочие
f Даты 1912-1975
g Полное личное имя Ефим Захарович
4 Код отношения 570
702 Вторичная интеллектуальная ответственность _1
a Фамилия Лавров
b Имя К. Ю.
4 Код отношения Прочие
f Даты 1925-2007
g Полное личное имя Кирилл Юрьевич
4 Код отношения 570
702 Вторичная интеллектуальная ответственность _1
a Фамилия Макарова
b Имя Л. И.
4 Код отношения Прочие
f Даты 1921-2014
g Полное личное имя Людмила Иосифовна
4 Код отношения 570
702 Вторичная интеллектуальная ответственность _1
a Фамилия Кузнецов
b Имя В. А.
4 Код отношения Прочие
f Даты 1928-2003
g Полное личное имя Всеволод Анатольевич
4 Код отношения 570
702 Вторичная интеллектуальная ответственность _1
a Фамилия Шарко
b Имя З. М.
4 Код отношения Прочие
f Даты 1929-2016
g Полное личное имя Зинаида Максимовна
4 Код отношения 570
702 Вторичная интеллектуальная ответственность _1
a Фамилия Николаева
b Имя В. А.
4 Код отношения Прочие
f Даты 1928-2002
g Полное личное имя Валентина Александровна
4 Код отношения 570
711 Наименование организации. (Альтернативная ответственность) __
a Организация/ юрисдикция Ленинградский академический Большой драматический театр имени М. Горького
801 Источник записи _0
a Страна ru
b Организация Муниципальное бюджетное учреждение культуры "Централизованная библиотечная система" г. Сургут (Центральная городская библиотека им. А. С. Пушкина)
c Дата составления 20150414
g Правила каталогизации PSBO
801 Источник записи _1
a Страна ru
b Организация Муниципальное бюджетное учреждение культуры "Централизованная библиотечная система" г. Сургут (Центральная городская библиотека им. А. С. Пушкина)
c Дата составления 20150414
g Правила каталогизации PSBO
852 Данные о местонахождении __
j Шифр хранения 85.381.3(2)-7я04
i Авторский знак В 68
901 Тип документа __
t Тип документа 0
a Ответственный КиК/Котельникова
903 Характеристики (МАРС) __
a Дата передачи 20200522; 20150415
911 __
u 336a=Устная речь
911 __
u 337a=аудио
969 Тип издания __
a Тип издания аудиоспектакль
a Тип издания издание для слепых
990 Данные о заказе (DOS) __
j Количество экземпляров (DOS) 1; 3
t N записи в КСУ для И/У (DOS) 202004; 201504